[Event "NZL-ch op 132nd"]
[Site "Wellington"]
[Date "2025.01.09"]
[Round "8"]
[White "McLaren, Leonard"]
[Black "Xie, Felix"]
[Result "0-1"]
[WhiteElo "2035"]
[BlackElo "2284"]
[PlyCount "74"]
[EventDate "2025.01.02"]
[EventType "swiss"]
[EventRounds "9"]
[EventCountry "NZL"]
[SourceTitle "CB03_2025"]
[SourceDate "2025.01.15"]
[SourceVersion "1"]
[SourceVersionDate "2025.01.15"]
[SourceQuality "1"]

1. e4 c5 2. c3 d5 3. exd5 Qxd5 4. d4 Nf6 5. Nf3 e6 6. Be3 cxd4 7. cxd4 Bb4+ 8. Nc3 Qa5 9. Qb3 0-0 10. Bd3 b6 11. 0-0 Ba6 12. Bxa6 Nxa6 13. Ne5 Rac8 14. Rac1 Bxc3 15. bxc3 Nb8 16. c4 Nc6 17. f4 Ne7 18. Rf3 h5 19. a4 Nf5 20. h3 Rfd8 21. Rd1 h4 22. Bf2 Rd6 23. Rfd3 Nh5 24. d5 Nxf4 25. Be1 Qc5+ 26. Bf2 Ne2+ 27. Kf1 Nfg3+ 28. Ke1 Qa5+ 29. R3d2 exd5 30. cxd5 Re8 31. Qe3 f6 32. Nc4 Rxe3 33. Bxe3 Qc3 34. Nxd6 Qxe3 35. Rd3 Qg1+ 36. Kd2 Qc5 37. Nb5 Ne4+ 0-1

[Event "North Island-ch Staurt Memorial"]
[Site "Auckland"]
[Date "2023.07.13"]
[Round "1"]
[White "McLaren, Leonard"]
[Black "Po E Tofaeono, Grayson"]
[Result "1-0"]
[WhiteElo "2056"]
[BlackElo "1571"]
[PlyCount "53"]
[EventDate "2023.07.13"]
[EventType "swiss"]
[EventRounds "8"]
[EventCountry "NZL"]
[SourceTitle "EXT 2024"]
[Source "ChessBase"]
[SourceDate "2023.10.10"]
[SourceVersion "1"]
[SourceVersionDate "2023.10.10"]
[SourceQuality "1"]

1. e4 e5 2. Nf3 Nc6 3. d4 exd4 4. Nxd4 Bc5 5. Nb3 Bb6 6. Qe2 d6 7. Be3 Nf6 8. Nc3 0-0 9. 0-0-0 Na5 10. f3 Nxb3+ 11. axb3 Qe7 12. g4 Be6 13. Kb1 Rad8 14. Bg2 c6 15. g5 Nd7 16. h4 f5 17. Bxb6 axb6 18. f4 fxe4 19. Qxe4 Nc5 20. Qe3 Ra8 21. Rhe1 Rfe8 22. Qd4 d5 23. b4 Nd7 24. f5 Nf8 25. fxe6 Nxe6 26. Qg4 Qd6 27. Nxd5 1-0

[Event "Auckland ANZAC op"]
[Site "Auckland"]
[Date "2023.04.22"]
[Round "3"]
[White "Summers, Paul G"]
[Black "McLaren, Leonard"]
[Result "0-1"]
[WhiteElo "1817"]
[BlackElo "2061"]
[PlyCount "80"]
[EventDate "2023.04.21"]
[EventType "swiss"]
[EventRounds "6"]
[EventCountry "NZL"]
[SourceTitle "EXT 2024"]
[Source "ChessBase"]
[SourceDate "2023.10.10"]
[SourceVersion "1"]
[SourceVersionDate "2023.10.10"]
[SourceQuality "1"]

1. Nf3 Nf6 2. b3 g6 3. Bb2 Bg7 4. g4 d5 5. h3 c5 6. e3 Nc6 7. Bb5 Bd7 8. Bxc6 Bxc6 9. Ne5 d4 10. Nxc6 Qd5 11. 0-0 Qxc6 12. exd4 Nd5 13. c4 Nf4 14. d5 Nxh3+ 15. Kh1 Bxb2 16. dxc6 Bxa1 17. Qf3 h5 18. cxb7 Rd8 19. Qxh3 hxg4 20. Qxh8+ Bxh8 21. Nc3 Bxc3 22. dxc3 Rb8 23. b4 Rxb7 24. b5 Rd7 25. Kg2 Rd2 26. Ra1 Kd7 27. a4 Kc7 28. a5 e5 29. Kg3 Rd3+ 30. Kxg4 Rxc3 31. Kg5 Rxc4 32. Kf6 Rf4+ 33. Kxe5 Rxf2 34. Kd5 Rf5+ 35. Kc4 g5 36. Re1 g4 37. Re7+ Kd6 38. Rxa7 Rf4+ 39. Kc3 g3 40. b6 g2 0-1

[Event "Auckland Anniversary op"]
[Site "Auckland"]
[Date "2023.01.28"]
[Round "1"]
[White "McLaren, Leonard"]
[Black "Barry, Jacob"]
[Result "1-0"]
[WhiteElo "2101"]
[BlackElo "1254"]
[PlyCount "42"]
[EventDate "2023.01.28"]
[EventType "swiss"]
[EventRounds "6"]
[EventCountry "NZL"]
[SourceTitle "EXT 2024"]
[Source "ChessBase"]
[SourceDate "2023.10.10"]
[SourceVersion "1"]
[SourceVersionDate "2023.10.10"]
[SourceQuality "1"]

1. e4 e5 2. Nf3 Nc6 3. d4 exd4 4. Nxd4 Nf6 5. Nxc6 bxc6 6. e5 Qe7 7. Qe2 Nd5 8. c4 Ba6 9. Nd2 Nb6 10. b3 d5 11. exd6 cxd6 12. Bb2 Qxe2+ 13. Bxe2 d5 14. Rc1 Bb4 15. Bxg7 Bxd2+ 16. Kxd2 Rg8 17. Be5 dxc4 18. Bf3 0-0-0+ 19. Kc2 cxb3+ 20. axb3 Rg5 21. Bf4 Rf5 1-0

[Event "NZL-ch Seniors Spiller Memorial"]
[Site "Howick"]
[Date "2022.08.21"]
[Round "6"]
[White "Metge, J Nigel"]
[Black "McLaren, Leonard"]
[Result "1/2-1/2"]
[WhiteElo "1890"]
[BlackElo "2090"]
[PlyCount "34"]
[EventDate "2022.08.18"]
[EventType "swiss"]
[EventRounds "6"]
[EventCountry "NZL"]
[SourceTitle "EXT 2024"]
[Source "ChessBase"]
[SourceDate "2023.10.10"]
[SourceVersion "1"]
[SourceVersionDate "2023.10.10"]
[SourceQuality "1"]

1. d4 Nf6 2. c4 e6 3. Nf3 b6 4. Nc3 Bb4 5. e3 Bb7 6. Bd3 Bxc3+ 7. bxc3 d6 8. Qc2 Nbd7 9. e4 e5 10. g4 c5 11. g5 Nh5 12. Rg1 Qc7 13. Qe2 g6 14. a4 a5 15. Be3 0-0-0 16. Nd2 Nf8 17. d5 Kb8 1/2-1/2

[Event "NZL-ch Seniors Spiller Memorial"]
[Site "Howick"]
[Date "2022.08.18"]
[Round "1"]
[White "Ha, Huy Minh"]
[Black "McLaren, Leonard"]
[Result "0-1"]
[WhiteElo "1608"]
[BlackElo "2090"]
[PlyCount "88"]
[EventDate "2022.08.18"]
[EventType "swiss"]
[EventRounds "6"]
[EventCountry "NZL"]
[SourceTitle "EXT 2024"]
[Source "ChessBase"]
[SourceDate "2023.10.10"]
[SourceVersion "1"]
[SourceVersionDate "2023.10.10"]
[SourceQuality "1"]

1. d4 Nf6 2. Nf3 e6 3. g3 b6 4. Bg2 Bb7 5. 0-0 Be7 6. c4 0-0 7. Nc3 Ne4 8. Qc2 Nxc3 9. Qxc3 f5 10. Qd3 Be4 11. Qd1 d6 12. e3 Nd7 13. Ne1 Kh8 14. Bxe4 fxe4 15. Qg4 Nf6 16. Qxe6 c6 17. Bd2 Qc7 18. Ng2 Rae8 19. c5 dxc5 20. dxc5 Bxc5 21. Qh3 Nd5 22. Nf4 Nxf4 23. exf4 Bd4 24. Rab1 Qf7 25. b3 Qe7 26. Be3 c5 27. Rfd1 Rd8 28. Qf1 Rf6 29. Qc4 Rfd6 30. Re1 Qd7 31. Kg2 b5 32. Qe2 Bxe3 33. Qxe3 Rd4 34. Re2 h6 35. Rbe1 Qd5 36. Rc1 c4 37. bxc4 bxc4 38. Rcc2 a5 39. Re1 Re8 40. Rce2 Rd3 41. Qc1 e3+ 42. f3 Qd4 43. Rc2 c3 44. Ree2 Rd2 0-1

[Event "North Island-ch"]
[Site "Auckland"]
[Date "2022.07.15"]
[Round "2"]
[White "McLaren, Leonard"]
[Black "McLeod, Hugh"]
[Result "1-0"]
[WhiteElo "2107"]
[BlackElo "1597"]
[PlyCount "75"]
[EventDate "2022.07.14"]
[EventType "swiss"]
[EventRounds "9"]
[EventCountry "NZL"]
[SourceTitle "EXT 2024"]
[Source "ChessBase"]
[SourceDate "2023.10.10"]
[SourceVersion "1"]
[SourceVersionDate "2023.10.10"]
[SourceQuality "1"]

1. e4 c5 2. c3 Nf6 3. e5 Nd5 4. d4 e6 5. c4 Nc7 6. d5 d6 7. exd6 Qxd6 8. Nc3 Nd7 9. Nge2 Nf6 10. Bf4 e5 11. Be3 Be7 12. Ng3 Qb6 13. Qd2 Bd7 14. Bd3 0-0-0 15. 0-0 Ng4 16. Nf5 Bf8 17. Bg5 f6 18. f3 fxg5 19. fxg4 g6 20. Ng3 h6 21. h3 Be8 22. Nge4 Bg7 23. Rf2 Kb8 24. Raf1 Rg8 25. Nf6 Rf8 26. Nxe8 Rdxe8 27. Rxf8 Rxf8 28. Rxf8+ Bxf8 29. Qf2 Qd6 30. Ne4 Qd8 31. Nxc5 b6 32. Qxf8 Kc8 33. Qxd8+ Kxd8 34. Ne6+ Nxe6 35. dxe6 Ke7 36. Kf2 Kxe6 37. Ke3 Kf6 38. b4 1-0

[Event "Henderson Trusts op-A 44th"]
[Site "Henderson"]
[Date "2022.06.04"]
[Round "2"]
[White "McLaren, Leonard"]
[Black "Mao, Daqi"]
[Result "1-0"]
[WhiteElo "2116"]
[BlackElo "1815"]
[PlyCount "157"]
[EventDate "2022.06.04"]
[EventType "swiss"]
[EventRounds "6"]
[EventCountry "NZL"]
[SourceTitle "EXT 2024"]
[Source "ChessBase"]
[SourceDate "2023.10.10"]
[SourceVersion "1"]
[SourceVersionDate "2023.10.10"]
[SourceQuality "1"]

1. e4 e6 2. d4 d5 3. Bd3 c5 4. exd5 exd5 5. Nf3 c4 6. Be2 Nf6 7. 0-0 Bd6 8. b3 cxb3 9. axb3 0-0 10. c4 b6 11. Nc3 Bb7 12. Nb5 Nc6 13. Nxd6 Qxd6 14. Ba3 Nb4 15. Rc1 a5 16. c5 bxc5 17. dxc5 Qc7 18. c6 Ba6 19. Nd4 Rfc8 20. Re1 Qb6 21. Bxb4 axb4 22. Bf3 Re8 23. Qd2 Ne4 24. Bxe4 dxe4 25. Qe3 Rad8 26. Nf5 Qxe3 27. fxe3 Bc8 28. Nd4 Rd5 29. Rc4 f5 30. Ra1 f4 31. Kf2 Rh5 32. Rxb4 Rxh2 33. Kg1 Rh6 34. exf4 Rd6 35. Ra5 Rf8 36. Kf2 Rxf4+ 37. Ke3 Rf8 38. Ra8 Bg4 39. Rbb8 Rxb8 40. Rxb8+ Kf7 41. c7 Rg6 42. Kxe4 Bd7 43. Nf3 Rg4+ 44. Ke3 Kf6 45. Kf2 g6 46. Rd8 Ke6 47. c8Q Bxc8 48. Rxc8 Rb4 49. Rc3 h5 50. Rd3 Kf6 51. Ke3 g5 52. Rd6+ Ke7 53. Rd3 Kf6 54. Nd4 Rb8 55. Rd2 h4 56. Rf2+ Kg6 57. Rb2 g4 58. b4 Kg5 59. b5 Rb6 60. Rc2 h3 61. Rc5+ Kh4 62. Nf5+ Kg5 63. gxh3 gxh3 64. Kf3 Rb8 65. Kg3 Rh8 66. Nh4+ Kf6 67. Kxh3 Ke6 68. Kg4 Kd6 69. Rc6+ Kd7 70. Nf5 Rb8 71. Rc5 Rb6 72. Kf4 Re6 73. Re5 Rg6 74. Re7+ Kd8 75. Rh7 Rb6 76. Nd4 Kc8 77. Ke5 Kb8 78. Kd5 Rg6 79. Nc6+ 1-0

[Event "Henderson Trusts op-A 43rd"]
[Site "Henderson"]
[Date "2021.06.07"]
[Round "6"]
[White "McLaren, Leonard"]
[Black "Ker, Anthony F"]
[Result "1/2-1/2"]
[WhiteElo "2093"]
[BlackElo "2303"]
[PlyCount "77"]
[EventDate "2021.06.05"]
[EventType "swiss"]
[EventRounds "6"]
[EventCountry "NZL"]
[SourceTitle "EXT 2024"]
[Source "ChessBase"]
[SourceDate "2023.10.10"]
[SourceVersion "1"]
[SourceVersionDate "2023.10.10"]
[SourceQuality "1"]

1. e4 c5 2. Nf3 g6 3. c3 Bg7 4. d4 cxd4 5. cxd4 d5 6. e5 Bg4 7. Nbd2 Nc6 8. Bb5 Qb6 9. Qe2 e6 10. h3 Bxf3 11. Nxf3 Nge7 12. 0-0 0-0 13. Bg5 Rfc8 14. Rad1 Rc7 15. Rd2 Rac8 16. Rfd1 a6 17. Bxc6 Nxc6 18. Nh2 Nb4 19. Ng4 Nxa2 20. Nf6+ Bxf6 21. Bxf6 Qb3 22. h4 Rc1 23. Rxc1 Rxc1+ 24. Kh2 Nb4 25. h5 Rc2 26. Qg4 Kf8 27. hxg6 hxg6 28. Qh4 Ke8 29. Rxc2 Qxc2 30. Qh8+ Kd7 31. Qd8+ Kc6 32. Qe8+ Kb6 33. Qxf7 Qf5 34. Qe7 Nd3 35. Bh4 Qf4+ 36. Kg1 Qc1+ 37. Kh2 Qf4+ 38. Kg1 Qc1+ 39. Kh2 1/2-1/2

[Event "Auckland Waitangi op"]
[Site "Auckland"]
[Date "2021.02.07"]
[Round "4"]
[White "McLaren, Leonard"]
[Black "Dharmasena, Gavith"]
[Result "1/2-1/2"]
[WhiteElo "2144"]
[BlackElo "1737"]
[PlyCount "74"]
[EventDate "2021.02.06"]
[EventType "swiss"]
[EventRounds "6"]
[EventCountry "NZL"]
[SourceTitle "EXT 2024"]
[Source "ChessBase"]
[SourceDate "2023.10.10"]
[SourceVersion "1"]
[SourceVersionDate "2023.10.10"]
[SourceQuality "1"]

1. e4 e5 2. Nf3 Nc6 3. d4 exd4 4. Nxd4 Nf6 5. Nxc6 bxc6 6. e5 Qe7 7. Qe2 Nd5 8. g3 f6 9. exf6 Nxf6 10. Nc3 a5 11. Bf4 Qxe2+ 12. Bxe2 Bd6 13. Be3 Bb7 14. Bf3 0-0 15. 0-0-0 a4 16. a3 Be5 17. Bd4 Bxd4 18. Rxd4 c5 19. Rf4 Bxf3 20. Rxf3 d5 21. Re1 d4 22. Nb5 Nd5 23. Rxf8+ Rxf8 24. Re2 Rf6 25. c4 c6 26. Nxd4 Nf4 27. gxf4 cxd4 28. Re4 c5 29. Kd2 Kf7 30. f3 h6 31. Kc2 Re6 32. b3 axb3+ 33. Kxb3 Rb6+ 34. Kc2 Ra6 35. Kb2 Rb6+ 36. Kc2 Ra6 37. Kb2 Ra8 1/2-1/2

[Event "NZL-ch op 128th"]
[Site "Palmerston North"]
[Date "2021.01.10"]
[Round "9"]
[White "Sashikumar"]
[Black "McLaren, Leonard"]
[Result "0-1"]
[WhiteElo "1642"]
[BlackElo "2141"]
[PlyCount "90"]
[EventDate "2021.01.02"]
[EventType "swiss"]
[EventRounds "9"]
[EventCountry "NZL"]
[SourceTitle "CBM 200 Extra"]
[Source "ChessBase"]
[SourceDate "2021.03.31"]
[SourceVersion "1"]
[SourceVersionDate "2021.03.31"]
[SourceQuality "1"]

1. e4 c5 2. Nc3 a6 3. f4 b5 4. Nf3 Bb7 5. d3 e6 6. g3 d5 7. exd5 exd5 8. Qe2+ Be7 9. g4 Nc6 10. Bg2 b4 11. Na4 Qa5 12. b3 Nf6 13. h3 0-0 14. 0-0 Rfe8 15. Qf2 Rad8 16. f5 d4 17. g5 Nd5 18. f6 Bd6 19. g6 hxg6 20. fxg7 Qc7 21. Ng5 Bh2+ 22. Kh1 Bg3 23. Qxf7+ Qxf7 24. Nxf7 Ne3 25. Bxe3 dxe3 26. Nh6+ Kxg7 27. Rf3 Be5 28. Re1 Kxh6 29. Rfxe3 Rf8 30. Rxe5 Nxe5 31. Bxb7 Nf3 32. Re2 Nd4 33. Rg2 Rf1+ 34. Kh2 Ne6 35. Be4 Nf4 36. Rd2 Ne6 37. Rg2 g5 38. h4 Rf4 39. hxg5+ Kg7 40. Kg3 Rdf8 41. g6 R4f6 42. Rh2 Ng5 43. Rh5 Nxe4+ 44. dxe4 Rf3+ 45. Kg4 Kxg6 0-1